00000000nam##2200000za#4500
0019.531705
003CaOODSP
00520200327071924
007ta
008150406|1999||||xxc|||||     f|0| 0 fre|d
020 |a0-660-60852-9
040 |aCaOODSP|bfre
041 |aeng
041 |afre
043 |an-cn---
0861 |aBT31-2/2000-III-82
1101 |aCanada. |bConseil du trésor.
24510|aDiversification de l'Économie de l'Ouest Canada
260 |aOttawa - Ontario : |bSecrétariat du Conseil du Trésor du Canada |c1999.
300 |aTexte français, 41p. : |borganigramme, tableaux ; |c28 cm.
4901 |aBudget des dépenses 1999-2000, partie III: Rapport sur les plans et les priorités
546 |aBilingue
563 |aCouverture souple
590 |a99-13|b1999-04-01
69107|aPrévisions budgétaires|2gcpds
7760#|tWestern Economic Diversification Canada, report on plans and priorities (1999-2000) |w(CaOODSP)9.567792
7760#|tDiversification de l'économie de l'Ouest Canada, rapport sur les plans et les priorities (1999-2000) |w(CaOODSP)9.599116
791 |tWestern Economic Diversification Canada |eeng|w(CaOODSP)9.531704
830#0|aBudget des dépenses 1999-2000, partie III: Rapport sur les plans et les priorités.|w(CaOODSP)9.508963